000 00475nam a2200133Ia 4500
008 100328s9999 xx 000 0 und d
082 _b54182
100 _aपराडकर ना.पां.
245 _aसायकलची निगा व दुरुस्ती
260 _bउदयम
630 _aसायकलची निगा व दुरुस्ती
730 _aसायकलची निगा व दुरुस्ती
942 _cBOOK
999 _c540905
_d540902